| 000 | 00690nam a2200217Ii 4500 | ||
|---|---|---|---|
| 003 | JO-AjNU | ||
| 008 | 230606s9999||||xx |||||||||||||| ||und|| | ||
| 020 | _a0-256-02690-4 | ||
| 040 |
_aJO-AjNU _beng _erda _cJO-AjNU |
||
| 041 | _aeng | ||
| 050 | 1 | 4 | _aHF5635 .G26 1979 |
| 100 | 3 |
_aGarrison, Ray H, _eauthor _93532 |
|
| 245 | 0 | 0 | _aManagerial Accounting : Concepts for Planning, Control, Decision Making |
| 250 | _a3 ed | ||
| 264 | 3 | 1 | _anited States of america : Business Publications,Inc,1979 |
| 300 |
_a799p _b Includes indexes(p793-799) |
||
| 336 |
_atext _btxt _2rdacontent |
||
| 337 |
_aunmediated _bn _2rdamedia |
||
| 338 |
_avolume _bnc _2rdacarrier |
||
| 650 | 4 |
_aAccounting _93533 |
|
| 999 |
_aE1844 _c1844 _d1844 |
||